Devinez la Capitale Mystère #52 - Statistiques

Statistiques générales
  • Ce quiz a été pris 187 fois
  • Le résultat moyen est 27 sur 34
Statistiques - réponses
Type de Réponse Réponse % Correct
Lettre de l'Alphabet A
100%
Lettre de l'Alphabet E
100%
Lettre Trouvée I
99%
Lettre de l'Alphabet N
99%
Lettre Trouvée R
99%
Lettre de l'Alphabet S
99%
Lettre Trouvée L
98%
Lettre de l'Alphabet B
96%
Lettre Trouvée O
96%
Lettre Trouvée P
95%
Lettre Trouvée T
93%
Lettre de l'Alphabet M
92%
Lettre de l'Alphabet D
89%
Lettre de l'Alphabet U
89%
Lettre de l'Alphabet C
87%
Lettre de l'Alphabet G
84%
Lettre de l'Alphabet H
84%
Lettre de l'Alphabet K
84%
Lettre Bien Placée O
84%
Lettre de l'Alphabet W
79%
Lettre de l'Alphabet V
74%
Lettre Bien Placée R
73%
Lettre Bien Placée L
68%
Lettre Bien Placée T
68%
Lettre de l'Alphabet Y
68%
Lettre de l'Alphabet J
66%
Lettre Bien Placée I
65%
Lettre de l'Alphabet X
65%
Lettre Bien Placée I
61%
Lettre de l'Alphabet Z
61%
Lettre de l'Alphabet F
58%
Lettre de l'Alphabet Q
56%
Lettre Bien Placée P
55%
Capitale Mystère Tripoli
55%
Aucun quiz correspondant
Distribution des résultats
% des personnes avec chaque résultat
Percentile par nombre de réponses
Votre historique - résultats
Vous n’avez pas pris ce quiz